000 00453nam a2200157Ia 4500
008 220216s9999 xx 000 0 und d
100 _aRaychaudhuri M
_cet al
245 0 _aSoil physical quality of the Indo-Gangetic plains and black soil region
260 _bCurrent Science
_c2014
300 _a1440-1451
650 _aIndex
650 _aManagement
650 _aSaturated hydraulic conductivity
650 _aSoil physical quality
942 _cJS
999 _c68860
_d68860